Einführung in das japanische Recht
Das japanische Recht ist eine interessante »Mischrechtsordnung«: Seit dem Zweiten Weltkrieg stark vom US-amerikanischen Recht geprägt, finden sich in ihr für deutsche Juristinnen und Juristen historisch bedingt zahlreiche Parallelen zum heimischen Recht. Diese großen Ähnlichkeiten und nicht zuletzt...
| Authors: | ; ; ; ; |
|---|---|
| Format: | Print Book |
| Language: | German |
| Published: |
Baden-Baden
Nomos
[2018]
|
| In: | Year: 2018 |
| Edition: | 1. Auflage |
| Online Access: |
Contents Inhaltstext (Publisher) Table of Contents |
| Check availability: | HBZ Gateway |
| Subito Delivery Service: | Order now. |
| Volumes / Articles: | Show volumes/articles. |
| Keywords: |
MARC
| LEADER | 00000cam a2200000 c 4500 | ||
|---|---|---|---|
| 001 | 885135458 | ||
| 003 | DE-627 | ||
| 005 | 20260206200835.0 | ||
| 007 | tu | ||
| 008 | 170426s2018 gw ||||| 00| ||ger c | ||
| 015 | |a 17,N17 |2 dnb | ||
| 015 | |a 17,N17 |2 dnb | ||
| 016 | 7 | |a 113017798X |2 DE-101 | |
| 020 | |a 3848741385 |c Broschur : circa EUR 24.00 (DE), circa EUR 24.70 (AT) |9 3-8487-4138-5 | ||
| 020 | |a 9783848741380 |c Broschur : circa EUR 24.00 (DE), circa EUR 24.70 (AT) |9 978-3-8487-4138-0 | ||
| 024 | 3 | |a 9783848741380 | |
| 035 | |a (DE-627)885135458 | ||
| 035 | |a (DE-603)404985343 | ||
| 035 | |a (DE-576)487025032 | ||
| 035 | |a (DE-599)DNB113017798X | ||
| 035 | |a (OCoLC)984753354 | ||
| 035 | |a (OCoLC)984753354 | ||
| 035 | |a (OCoLC)1004324680 | ||
| 040 | |a DE-627 |b ger |c DE-627 |e rda | ||
| 041 | |a ger | ||
| 044 | |c XA-DE-BW | ||
| 072 | 7 | |a 1771 |2 wsb | |
| 082 | 0 | |a 340.52 |q DE-101 | |
| 082 | 0 | |a 349 | |
| 082 | 0 | 4 | |a 340 |q DE-101 |
| 084 | |a RI03.22 |2 fivr | ||
| 084 | |a SF10 |2 fivs | ||
| 084 | |a INTRECHT |q DE-1a |2 fid | ||
| 084 | |a ASIEN |q DE-1a |2 fid | ||
| 084 | |a PH 6954 |q BSZ |2 rvk |0 (DE-625)rvk/136465:405 | ||
| 084 | |a PL 740 |q OBV |2 rvk |0 (DE-625)rvk/137273: | ||
| 084 | |a PN 996 |q BSZ |2 rvk |0 (DE-625)rvk/138355: | ||
| 084 | |a PU 8550 |q BSZ |2 rvk |0 (DE-625)rvk/140719: | ||
| 084 | |a PH 6950 |2 rvk |0 (DE-625)rvk/136465:401 | ||
| 084 | |a 86.10 |2 bkl | ||
| 090 | |a a | ||
| 245 | 0 | 0 | |a Einführung in das japanische Recht |c Prof. Dr. Johannes Kaspar, Dr. Oliver Schön (Hrsg.) ; Dr. Heike Alps, LL.M. (Chuo Universität, Japan, Rechtsanwältin, Berlin, Lehrbeauftragte für japanische Rechtssprache an der Universität Augsburg), Prof. Dr. Johannes Kaspar (Universität Augsburg), Dr. Oliver Schön (Richter am Landgericht München und Lehrbeauftragter für japanisches Recht an der Universität Augsburg) [und 15 weitere] |
| 246 | 3 | 0 | |a Nomos Studium |
| 250 | |a 1. Auflage | ||
| 264 | 1 | |a Baden-Baden |b Nomos |c [2018] | |
| 300 | |a 237 Seiten | ||
| 336 | |a Text |b txt |2 rdacontent | ||
| 337 | |a ohne Hilfsmittel zu benutzen |b n |2 rdamedia | ||
| 338 | |a Band |b nc |2 rdacarrier | ||
| 490 | 0 | |a NomosStudium | |
| 500 | |a Literaturverzeichnis: Seite 21-22 | ||
| 520 | |a Das japanische Recht ist eine interessante »Mischrechtsordnung«: Seit dem Zweiten Weltkrieg stark vom US-amerikanischen Recht geprägt, finden sich in ihr für deutsche Juristinnen und Juristen historisch bedingt zahlreiche Parallelen zum heimischen Recht. Diese großen Ähnlichkeiten und nicht zuletzt die wirtschaftliche Bedeutung Japans für ein exportorientiertes Land wie die Bundesrepublik machen es reizvoll für deutsche Juristinnen und Juristen, sich mit der japanischen Rechtsordnung näher zu beschäftigen. Das Lehrbuch gibt eine bewusst an den Bedürfnissen von Studentinnen und Studenten orientierte Einführung in das japanische Recht. Praktische Fälle sollen den Einstieg in die fremde Rechtsordnung erleichtern. Nach einführenden Darstellungen der drei großen Rechtsgebiete werden eine Vielzahl von ausbildungsrelevanten und einfach nachvollziehbaren Rechtsbereichen des japanischen Rechts in Form von Fallbesprechungen dargestellt. Zugleich bleibt auch immer die deutsche Rechtslage im Blick, wodurch die Gemeinsamkeiten und Unterschiede beider Rechtsordnungen deutlich werden. | ||
| 583 | 1 | |a Archivierung/Langzeitarchivierung gewährleistet |f PEBW |x XA-DE-BW |2 pdager |5 DE-31 | |
| 650 | 0 | 7 | |0 (DE-588)4069720-4 |0 (DE-627)106102702 |0 (DE-576)209177748 |a Bürgerliches Recht |2 gnd |
| 650 | 0 | 7 | |0 (DE-588)4186834-1 |0 (DE-627)104399090 |0 (DE-576)210041803 |a Unbewegliche Sache |2 gnd |
| 650 | 0 | 7 | |0 (DE-588)4062983-1 |0 (DE-627)106129589 |0 (DE-576)209146796 |a Verkehrsunfall |2 gnd |
| 650 | 0 | 7 | |0 (DE-588)4063283-0 |0 (DE-627)106128574 |0 (DE-576)209148047 |a Vertragsrecht |2 gnd |
| 650 | 0 | 7 | |0 (DE-588)4044884-8 |0 (DE-627)104117303 |0 (DE-576)209062746 |a Patentrecht |2 gnd |
| 650 | 0 | 7 | |0 (DE-588)4002769-7 |0 (DE-627)106392085 |0 (DE-576)208848622 |a Arbeitsrecht |2 gnd |
| 650 | 0 | 7 | |0 (DE-588)4057795-8 |0 (DE-627)106149458 |0 (DE-576)209123737 |a Strafrecht |2 gnd |
| 650 | 0 | 7 | |0 (DE-588)4512618-5 |0 (DE-627)248393162 |0 (DE-576)213164345 |a Opfer |g Sozialpsychologie |2 gnd |
| 650 | 0 | 7 | |0 (DE-588)4063351-2 |0 (DE-627)10612837X |0 (DE-576)209148276 |a Verwaltungsrecht |2 gnd |
| 650 | 0 | 7 | |0 (DE-588)4062801-2 |0 (DE-627)106130129 |0 (DE-576)209146168 |a Verfassungsrecht |2 gnd |
| 650 | 0 | 7 | |0 (DE-588)4048737-4 |0 (DE-627)106189719 |0 (DE-576)20907907X |a Recht |2 gnd |
| 651 | 7 | |0 (DE-588)4028495-5 |0 (DE-627)104585102 |0 (DE-576)208977503 |a Japan |2 gnd | |
| 655 | 7 | |a Lehrbuch |0 (DE-588)4123623-3 |0 (DE-627)104270187 |0 (DE-576)209561262 |2 gnd-content | |
| 689 | 0 | 0 | |d g |0 (DE-588)4028495-5 |0 (DE-627)104585102 |0 (DE-576)208977503 |a Japan |2 gnd |
| 689 | 0 | 1 | |d s |0 (DE-588)4048737-4 |0 (DE-627)106189719 |0 (DE-576)20907907X |a Recht |2 gnd |
| 689 | 0 | |5 DE-101 | |
| 689 | 1 | 0 | |d g |0 (DE-588)4028495-5 |0 (DE-627)104585102 |0 (DE-576)208977503 |a Japan |2 gnd |
| 689 | 1 | 1 | |d s |0 (DE-588)4048737-4 |0 (DE-627)106189719 |0 (DE-576)20907907X |a Recht |2 gnd |
| 689 | 1 | |5 (DE-627) | |
| 700 | 1 | |a Kaspar, Johannes |d 1976- |e HerausgeberIn |e VerfasserIn |0 (DE-588)1024795691 |0 (DE-627)720562015 |0 (DE-576)369514629 |4 edt |4 aut | |
| 700 | 1 | |a Schön, Oliver |d 1972- |e HerausgeberIn |e VerfasserIn |0 (DE-588)1140069101 |0 (DE-627)898194644 |0 (DE-576)493635807 |4 edt |4 aut | |
| 700 | 1 | |a Alps, Heike |d 1976- |e VerfasserIn |0 (DE-588)1077822243 |0 (DE-627)837585236 |0 (DE-576)446627518 |4 aut | |
| 700 | 1 | |a Bälz, Moritz |d 1969- |e VerfasserIn |0 (DE-588)131509535 |0 (DE-627)510157874 |0 (DE-576)298553635 |4 aut | |
| 700 | 1 | |a Baum, Harald |d 1952- |e VerfasserIn |0 (DE-588)142262560 |0 (DE-627)635205866 |0 (DE-576)163694656 |4 aut | |
| 776 | 1 | |z 9783845284477 |c ePDF | |
| 856 | 4 | 2 | |u https://d-nb.info/113017798X/04 |m B:DE-101 |q application/pdf |v 2020-12-02 |x Verlag |3 Inhaltsverzeichnis |7 1 |
| 856 | 4 | 2 | |u http://deposit.dnb.de/cgi-bin/dokserv?id=510756c2c80d48ef872c6a27e679213d&prov=M&dok_var=1&dok_ext=htm |m X: MVB |q text/html |v 2017-04-26 |x Verlag |3 Inhaltstext |7 1 |
| 856 | 4 | 2 | |u http://deposit.dnb.de/cgi-bin/dokserv?id=510756c2c80d48ef872c6a27e679213d&prov=M&dok%5Fvar=1&dok%5Fext=htm |q text/html |3 Inhaltstext |7 1 |
| 935 | |i sf | ||
| 935 | |i Blocktest | ||
| 936 | r | v | |a PH 6954 |b Einzeldarstellungen zum materiellen Strafrecht |k Rechtswissenschaft |k Strafrecht, Strafverfahrensrecht, Kriminologie |k Vergleichendes und ausländisches Straf- und Strafprozessrecht einschliesslich Strafvollzug |k Ausländisches Recht - Einzelne Länder |k Asien |k Ostasien |k Japan |k Einzeldarstellungen zum materiellen Strafrecht |0 (DE-627)1272630595 |0 (DE-625)rvk/136465:405 |0 (DE-576)202630595 |
| 936 | r | v | |a PL 740 |b Japan |k Rechtswissenschaft |k Staatsrecht und Verfassungsgeschichte |k Ausländisches Staats- und Verfassungsrecht |k Asien |k Japan |0 (DE-627)1271298309 |0 (DE-625)rvk/137273: |0 (DE-576)201298309 |
| 936 | r | v | |a PN 996 |b Japan |k Rechtswissenschaft |k Verwaltungswissenschaften und Verwaltungsrecht |k Ausländisches und vergleichendes Verwaltungsrecht, Ausländische Verwaltungslehre und Verwaltungspolitik |k Einzelne Länder |k Japan |0 (DE-627)1271334666 |0 (DE-625)rvk/138355: |0 (DE-576)201334666 |
| 936 | r | v | |a PU 8550 |b Japan |k Rechtswissenschaft |k Ausländisches Privatrecht, Privatrechtsvergleichung und -vereinheitlichung |k Einzelne Länder |k Asien |k Ostasien |k Japan |0 (DE-627)1271449757 |0 (DE-625)rvk/140719: |0 (DE-576)201449757 |
| 936 | r | v | |a PH 6950 |b Grundnotation |k Rechtswissenschaft |k Strafrecht, Strafverfahrensrecht, Kriminologie |k Vergleichendes und ausländisches Straf- und Strafprozessrecht einschliesslich Strafvollzug |k Ausländisches Recht - Einzelne Länder |k Asien |k Ostasien |k Japan |k Grundnotation |0 (DE-627)1272237737 |0 (DE-625)rvk/136465:401 |0 (DE-576)202237737 |
| 936 | b | k | |a 86.10 |j Recht einzelner Länder, Gebiete und Völker |0 (DE-627)106422499 |
| 936 | f | i | |0 (DE-627)175613426X |a RI03.22 |b Japan |k Asien (ohne westliches Asien) |k Ostasien |k Japan |2 fivr |
| 936 | f | i | |0 (DE-627)1756135886 |a SF10 |b Recht |k Staat |k Recht |2 fivs |
| 936 | s | n | |a p100 |2 mzub |
| 938 | 1 | 0 | |0 (DE-627)1756219028 |0 (DE-615)6600182 |a Japan |2 fivt |
| 938 | 1 | 0 | |0 (DE-627)175623650X |0 (DE-615)6600690 |a Recht |2 fivt |
| 938 | 1 | 0 | |0 (DE-627)175622479X |0 (DE-615)6606822 |a Bürgerliches Recht |2 fivt |
| 938 | 1 | 0 | |0 (DE-627)1756142351 |0 (DE-615)6603892 |a Immobilien |2 fivt |
| 938 | 1 | 0 | |0 (DE-627)1756156026 |0 (DE-615)6605946 |a Verkehrsunfall |2 fivt |
| 938 | 1 | 0 | |0 (DE-627)1756165149 |0 (DE-615)6602011 |a Vertragsrecht |2 fivt |
| 938 | 1 | 0 | |0 (DE-627)1756198977 |0 (DE-615)6600756 |a Patentrecht |2 fivt |
| 938 | 1 | 0 | |0 (DE-627)1756228981 |0 (DE-615)6608545 |a Familienrecht |2 fivt |
| 938 | 1 | 0 | |0 (DE-627)1756216630 |0 (DE-615)6600499 |a Arbeitsrecht |2 fivt |
| 938 | 1 | 0 | |0 (DE-627)175622854X |0 (DE-615)6606715 |a Strafrecht |2 fivt |
| 938 | 1 | 0 | |0 (DE-627)1756179867 |0 (DE-615)6604546 |a Opfer (Personen) |2 fivt |
| 938 | 1 | 0 | |0 (DE-627)1756226571 |0 (DE-615)6607569 |a Verwaltungsrecht |2 fivt |
| 938 | 1 | 0 | |0 (DE-627)1756229554 |0 (DE-615)6606748 |a Verfassungsrecht |2 fivt |
| 951 | |a BO | ||
| ELC | |b 1 | ||
| ORI | |a SA-MARC-krimdok_ob001.raw | ||
| SPR | |a 1 |t KRI | ||
